[Event "WchT Seniors 65"]
[Site "Radebeul"]
[Date "2016.07.03"]
[Round "8.8"]
[White "Ghijsen, Pim"]
[Black "Petschar, Kurt"]
[Result "1-0"]
[WhiteElo "2174"]
[BlackElo "2278"]
[PlyCount "69"]
[EventDate "2016.06.26"]
[EventType "team-swiss"]
[EventRounds "9"]
[EventCountry "GER"]
[SourceTitle "CBM 173 Extra"]
[Source "ChessBase"]
[SourceDate "2016.08.29"]
[SourceVersion "1"]
[SourceVersionDate "2016.08.29"]
[SourceQuality "1"]
[WhiteTeam "Oranje"]
[BlackTeam "Austria"]
[WhiteTeamCountry "NED"]
[BlackTeamCountry "AUT"]

1. d4 Nf6 2. Nf3 e6 3. c4 b6 4. g3 Ba6 5. Nbd2 c5 6. Bg2 Bb7 7. 0-0 Be7 8. b3 0-0 9. Bb2 Qc7 10. Rc1 cxd4 11. Nxd4 Bxg2 12. Kxg2 Qb7+ 13. Kg1 Nc6 14. Nxc6 Qxc6 15. Nf3 Rfd8 16. Qd3 h6 17. Rfd1 a6 18. Ne5 Qb7 19. Qf3 Qxf3 20. Nxf3 Rac8 21. Bd4 Bc5 22. Bxc5 Rxc5 23. Rd6 Rc6 24. Rcd1 Rxd6 25. Rxd6 Rb8 26. Ne5 Rb7 27. f3 Kf8 28. e4 Ke7 29. c5 bxc5 30. Rxa6 Rc7 31. Kf2 d6 32. Nc4 d5 33. exd5 exd5 34. Ne3 g6 35. Rxf6 1-0

[Event "Hessen-ch Seniors op 12th"]
[Site "Bad Sooden-Allendorf"]
[Date "2016.05.08"]
[Round "8"]
[White "Ghijsen, Pim"]
[Black "Selig, Rainer"]
[Result "1/2-1/2"]
[WhiteElo "2180"]
[BlackElo "2117"]
[PlyCount "41"]
[EventDate "2016.04.30"]
[EventType "swiss"]
[EventRounds "9"]
[EventCountry "GER"]
[SourceTitle "EXT 2019"]
[Source "ChessBase"]
[SourceDate "2018.10.10"]
[SourceVersion "1"]
[SourceVersionDate "2018.10.10"]
[SourceQuality "1"]

1. d4 Nf6 2. Nf3 e6 3. Bf4 c5 4. e3 b6 5. Nbd2 Bb7 6. Bd3 Be7 7. h3 0-0 8. 0-0 d6 9. c3 Nbd7 10. Qe2 Re8 11. e4 Nf8 12. Rfd1 Ng6 13. Bh2 Rc8 14. Bb5 Bc6 15. Bxc6 Rxc6 16. e5 Nd7 17. exd6 Bxd6 18. Bxd6 Rxd6 19. Nc4 Rd5 20. Ne3 Rd6 21. Nc4 1/2-1/2

[Event "EU-chT Seniors"]
[Site "Vienna"]
[Date "2015.07.14"]
[Round "3.7"]
[White "Boehnisch, Manfred"]
[Black "Ghijsen, Pim"]
[Result "1-0"]
[WhiteElo "2284"]
[BlackElo "2182"]
[PlyCount "91"]
[EventDate "2015.07.12"]
[EventType "team-swiss"]
[EventRounds "9"]
[EventCountry "AUT"]
[SourceTitle "EXT 2018"]
[Source "ChessBase"]
[SourceDate "2017.10.13"]
[SourceVersion "1"]
[SourceVersionDate "2017.10.13"]
[SourceQuality "1"]
[WhiteTeam "Leipzig Schachfreunde"]
[BlackTeam "Oranje"]
[WhiteTeamCountry "GER"]
[BlackTeamCountry "NED"]

1. e4 c5 2. Nf3 a6 3. c3 d5 4. exd5 Qxd5 5. d4 e6 6. Be2 Nf6 7. 0-0 cxd4 8. cxd4 Nc6 9. Nc3 Qd6 10. Bg5 Be7 11. Qd2 0-0 12. Bf4 Qd8 13. Rac1 Bd7 14. Ne5 Nb4 15. Bf3 Nbd5 16. Nxd5 Nxd5 17. Bxd5 exd5 18. Nxd7 Qxd7 19. Rc7 Qd8 20. Rxb7 Bd6 21. Rc1 Rc8 22. g3 g6 23. Rxc8 Qxc8 24. Ra7 Bxf4 25. Qxf4 Qc4 26. b3 Qe2 27. Qe5 Qf3 28. Qe3 Qxe3 29. fxe3 Rc8 30. Rxa6 Rc2 31. b4 Rb2 32. a3 Kg7 33. Ra5 Kf6 34. Rxd5 Rb3 35. Ra5 Rxe3 36. b5 Rb3 37. a4 Ke6 38. Kf2 Kd5 39. Ra7 Rb4 40. Ke3 g5 41. Rxf7 Rb3+ 42. Kf2 Kxd4 43. Rxh7 g4 44. Rd7+ Ke4 45. Re7+ Kd4 46. Re2 1-0

[Event "EU-chT Seniors"]
[Site "Vienna"]
[Date "2015.07.13"]
[Round "2.5"]
[White "Ghijsen, Pim"]
[Black "Klundt, Klaus"]
[Result "1/2-1/2"]
[WhiteElo "2182"]
[BlackElo "2309"]
[PlyCount "32"]
[EventDate "2015.07.12"]
[EventType "team-swiss"]
[EventRounds "9"]
[EventCountry "AUT"]
[SourceTitle "EXT 2018"]
[Source "ChessBase"]
[SourceDate "2017.10.13"]
[SourceVersion "1"]
[SourceVersionDate "2017.10.13"]
[SourceQuality "1"]
[WhiteTeam "Oranje"]
[BlackTeam "Hessen"]
[WhiteTeamCountry "NED"]
[BlackTeamCountry "GER"]

1. d4 Nf6 2. Nf3 d5 3. c4 c6 4. cxd5 cxd5 5. Nc3 Nc6 6. Bf4 Bf5 7. e3 e6 8. Qa4 Bb4 9. Bb5 0-0 10. 0-0 Qa5 11. Rfc1 Rfc8 12. a3 Bxc3 13. Rxc3 Qxa4 14. Bxa4 Ne7 15. Rac1 Rxc3 16. Rxc3 Rc8 1/2-1/2

[Event "EU-chT Seniors"]
[Site "Vienna"]
[Date "2015.07.12"]
[Round "1.17"]
[White "Kauko, Pekka"]
[Black "Ghijsen, Pim"]
[Result "0-1"]
[WhiteElo "2039"]
[BlackElo "2182"]
[PlyCount "72"]
[EventDate "2015.07.12"]
[EventType "team-swiss"]
[EventRounds "9"]
[EventCountry "AUT"]
[SourceTitle "EXT 2018"]
[Source "ChessBase"]
[SourceDate "2017.10.13"]
[SourceVersion "1"]
[SourceVersionDate "2017.10.13"]
[SourceQuality "1"]
[WhiteTeam "Turku"]
[BlackTeam "Oranje"]
[WhiteTeamCountry "FIN"]
[BlackTeamCountry "NED"]

1. c4 Nf6 2. Nf3 e6 3. d4 d5 4. Nc3 c6 5. g3 Bd6 6. c5 Bc7 7. Bg2 Nbd7 8. 0-0 0-0 9. Qc2 e5 10. dxe5 Nxe5 11. Nxe5 Bxe5 12. Bg5 Qa5 13. Bxf6 Bxf6 14. Nd1 Bd4 15. Rc1 Qxa2 16. e4 dxe4 17. Bxe4 h6 18. Re1 Be6 19. Qe2 Qa5 20. Ne3 Bxe3 21. Qxe3 Rfd8 22. Rc3 Qb4 23. Qc1 Rd4 24. Bb1 Rad8 25. Qc2 Kf8 26. Rce3 Rd2 27. Qh7 Qxb2 28. Qh8+ Ke7 29. Qh7 Rxf2 30. Qe4 Rdd2 31. Qxe6+ fxe6 32. Rxe6+ Kf8 33. Re8+ Kf7 34. R8e7+ Kf6 35. R7e6+ Kg5 36. h4+ Kg4 0-1

[Event "Hessen-ch Seniors op 11th"]
[Site "Bad Sooden-Allendorf"]
[Date "2015.05.16"]
[Round "8"]
[White "Ghijsen, Pim"]
[Black "Boeven, Manfred"]
[Result "1-0"]
[WhiteElo "2164"]
[BlackElo "2095"]
[PlyCount "81"]
[EventDate "2015.05.09"]
[EventType "swiss"]
[EventRounds "9"]
[EventCountry "GER"]
[SourceTitle "EXT 2018"]
[Source "ChessBase"]
[SourceDate "2017.10.13"]
[SourceVersion "1"]
[SourceVersionDate "2017.10.13"]
[SourceQuality "1"]

1. d4 d5 2. c4 Bf5 3. Nc3 e6 4. Nf3 c6 5. e3 Nd7 6. Be2 Ngf6 7. 0-0 Bd6 8. Qb3 Rb8 9. Bd2 Ne4 10. Rfd1 0-0 11. Be1 Qb6 12. c5 Qxb3 13. axb3 Bc7 14. Rxa7 Rfe8 15. b4 Bg4 16. b5 Rec8 17. b6 Bd8 18. h3 Bxf3 19. Bxf3 Nxc3 20. Bxc3 Bf6 21. Be2 Rd8 22. Be1 e5 23. f3 Nf8 24. b4 Rd7 25. Bf2 Re8 26. Bf1 exd4 27. exd4 Ne6 28. b5 Nd8 29. bxc6 Nxc6 30. Bb5 Rc8 31. Bxc6 Rxc6 32. Ra8+ Bd8 33. Bg3 Kf8 34. Bc7 Ke7 35. Re1+ Re6 36. Rxe6+ fxe6 37. Rxd8 Rxd8 38. Bxd8+ Kxd8 39. Kf2 Kd7 40. Ke3 Kc6 41. Kf4 1-0

[Event "WchT Seniors 65"]
[Site "Vilnius"]
[Date "2014.07.21"]
[Round "9.2"]
[White "Zhelnin, Vladimir V"]
[Black "Ghijsen, Pim"]
[Result "1-0"]
[WhiteElo "2469"]
[BlackElo "2160"]
[PlyCount "57"]
[EventDate "2014.07.13"]
[EventType "team-swiss"]
[EventRounds "9"]
[EventCountry "LTU"]
[SourceTitle "CBM 161 Extra"]
[Source "ChessBase"]
[SourceDate "2014.08.29"]
[SourceVersion "1"]
[SourceVersionDate "2014.08.29"]
[SourceQuality "1"]
[WhiteTeam "Russia"]
[BlackTeam "Netherlands"]
[WhiteTeamCountry "RUS"]
[BlackTeamCountry "NED"]

1. e4 c5 2. Nf3 d6 3. d4 cxd4 4. Nxd4 Nf6 5. Nc3 a6 6. Be2 g6 7. 0-0 Bg7 8. Be3 0-0 9. f4 Nc6 10. Nb3 b5 11. Bf3 Qc7 12. a3 Bb7 13. Qd2 Rac8 14. Rad1 Rfd8 15. Qf2 Re8 16. Rd2 Ba8 17. Rfd1 Qb8 18. Nd5 Nxd5 19. exd5 Nd8 20. c3 Nb7 21. Bg4 e6 22. dxe6 fxe6 23. Re2 Qc7 24. Bb6 Qc6 25. Rxe6 Qc4 26. Rde1 Qc6 27. Nd4 Bxd4 28. Bxd4 Na5 29. Qc2 1-0

[Event "WchT Seniors 65"]
[Site "Vilnius"]
[Date "2014.07.20"]
[Round "8.5"]
[White "Ghijsen, Pim"]
[Black "Faibisovich, Vadim Z"]
[Result "0-1"]
[WhiteElo "2160"]
[BlackElo "2337"]
[PlyCount "52"]
[EventDate "2014.07.13"]
[EventType "team-swiss"]
[EventRounds "9"]
[EventCountry "LTU"]
[SourceTitle "CBM 161 Extra"]
[Source "ChessBase"]
[SourceDate "2014.08.29"]
[SourceVersion "1"]
[SourceVersionDate "2014.08.29"]
[SourceQuality "1"]
[WhiteTeam "Netherlands"]
[BlackTeam "St Petersburg"]
[WhiteTeamCountry "NED"]
[BlackTeamCountry "RUS"]

1. d4 Nf6 2. Nf3 g6 3. g3 Bg7 4. Bg2 0-0 5. 0-0 d5 6. c4 dxc4 7. Na3 c3 8. bxc3 c5 9. Qb3 Nc6 10. Bb2 cxd4 11. cxd4 Be6 12. Qxb7 Bd5 13. Qa6 Rb8 14. Bc1 Nxd4 15. Nxd4 Bxg2 16. Kxg2 Qxd4 17. Be3 Qd5+ 18. Kg1 Ng4 19. Rad1 Qh5 20. h4 Nxe3 21. fxe3 Rb2 22. Rf2 Rxa2 23. Rdf1 Qe5 24. Kh2 Qxe3 25. Qc4 Rxa3 26. Rf3 Rc3 0-1

[Event "WchT Seniors 65"]
[Site "Vilnius"]
[Date "2014.07.15"]
[Round "3.3"]
[White "Ghijsen, Pim"]
[Black "Vucenovic, Dragomir"]
[Result "1/2-1/2"]
[WhiteElo "2160"]
[BlackElo "2276"]
[PlyCount "225"]
[EventDate "2014.07.13"]
[EventType "team-swiss"]
[EventRounds "9"]
[EventCountry "LTU"]
[SourceTitle "CBM 161 Extra"]
[Source "ChessBase"]
[SourceDate "2014.08.29"]
[SourceVersion "1"]
[SourceVersionDate "2014.08.29"]
[SourceQuality "1"]
[WhiteTeam "Netherlands"]
[BlackTeam "Switzerland"]
[WhiteTeamCountry "NED"]
[BlackTeamCountry "SUI"]

1. d4 d5 2. Nf3 c6 3. c3 Bf5 4. Bf4 Nf6 5. Nbd2 h6 6. h3 e6 7. Qb3 Qb6 8. e3 Nbd7 9. Be2 Be7 10. 0-0 0-0 11. Ne5 Nxe5 12. Bxe5 Rfc8 13. Rfc1 Nd7 14. Bg3 a6 15. c4 Qb4 16. Qxb4 Bxb4 17. Nf3 dxc4 18. Rxc4 Be7 19. Ne5 Nxe5 20. Bxe5 Rd8 21. Bf3 Bd6 22. Bxd6 Rxd6 23. Rac1 Kf8 24. Rb4 Rd7 25. Rc5 Ke7 26. Rb3 Bb1 27. a3 f6 28. Rbc3 Kd6 29. Rc1 Bg6 30. b4 Kc7 31. a4 Kb6 32. a5+ Ka7 33. Kh2 Rad8 34. Kg3 Re7 35. Be2 Rd5 36. Bc4 Rd6 37. f4 Be4 38. Be2 g5 39. fxg5 hxg5 40. Rf1 f5 41. Bf3 Bd3 42. Rd1 Bb5 43. Kf2 Rd8 44. Re5 Bc4 45. Rc1 Bb3 46. g4 Rf7 47. gxf5 exf5 48. Rcc5 g4 49. Bg2 gxh3 50. Bxh3 f4 51. Rf5 fxe3+ 52. Kxe3 Rfd7 53. Rf4 Rg7 54. Bg4 Bd5 55. Rc2 Re8+ 56. Kd2 Re4 57. Rxe4 Bxe4 58. Bd1 Bxc2 59. Bxc2 Rg3 60. Bd3 Kb8 61. Bc4 Rg5 62. Be6 Kc7 63. Kc3 Kd6 64. Bc8 Rg7 65. Kc4 Rf7 66. Bh3 Rg7 67. Bc8 Rh7 68. Bg4 Rh1 69. Bc8 Rc1+ 70. Kb3 Kc7 71. Bf5 b5 72. axb6+ Kxb6 73. Bd3 a5 74. bxa5+ Kxa5 75. Kb2 Rg1 76. Kb3 Kb6 77. Bf5 Kc7 78. Kc3 Kd6 79. Be4 Rc1+ 80. Kd2 Ra1 81. Kc3 Ra3+ 82. Kc4 Rh3 83. Bg2 Rg3 84. Bh1 Rg4 85. Kd3 Rh4 86. Bg2 Kc7 87. Kc3 Kb6 88. Bf1 c5 89. dxc5+ Kxc5 90. Bd3 Rh3 91. Kc2 Kd4 92. Bg6 Rh6 93. Bf5 Rc6+ 94. Kb2 Kc4 95. Bh7 Kb4 96. Bf5 Rf6 97. Bh7 Rf2+ 98. Ka1 Kc3 99. Be4 Rf4 100. Bh7 Kb3 101. Bg8+ Kc3 102. Bh7 Rf1+ 103. Bb1 Rf2 104. Bh7 Rb2 105. Bg6 Rb6 106. Bh7 Rf6 107. Bb1 Rf1 108. Ka2 Rf6 109. Ka1 Kb3 110. Ba2+ Kc2 111. Bb1+ Kc1 112. Ba2 Rb6 113. Bg8 1/2-1/2

[Event "Hessen-ch Seniors op 10th"]
[Site "Bad Sooden-Allendorf"]
[Date "2014.04.29"]
[Round "4"]
[White "Ghijsen, Pim"]
[Black "Kirschneck, Erich"]
[Result "0-1"]
[WhiteElo "2154"]
[BlackElo "2121"]
[PlyCount "68"]
[EventDate "2014.04.26"]
[EventType "swiss"]
[EventRounds "9"]
[EventCountry "GER"]
[SourceTitle "EXT 2018"]
[Source "ChessBase"]
[SourceDate "2017.10.13"]
[SourceVersion "1"]
[SourceVersionDate "2017.10.13"]
[SourceQuality "1"]

1. d4 Nf6 2. Nf3 e6 3. Bf4 c5 4. e3 Nc6 5. c3 b6 6. Bd3 Bb7 7. Nbd2 cxd4 8. exd4 Be7 9. h3 0-0 10. Qe2 Re8 11. 0-0 d6 12. Bh2 a6 13. Rfe1 b5 14. a3 Qb6 15. Rad1 Na5 16. Ng5 Bf8 17. f4 Bd5 18. Qf2 h6 19. Nge4 Nxe4 20. Nxe4 Nc4 21. f5 e5 22. f6 g6 23. h4 exd4 24. cxd4 Re6 25. h5 Rae8 26. hxg6 Bxe4 27. g7 Bxg7 28. Rxe4 Bxf6 29. Rf4 Bg5 30. Rg4 Kf8 31. Rxg5 hxg5 32. Rf1 Qa7 33. a4 Ne3 34. d5 Rf6 0-1

[Event "Hessen-ch Seniors op 10th"]
[Site "Bad Sooden-Allendorf"]
[Date "2014.04.28"]
[Round "3"]
[White "Bondick, Karl Heinz"]
[Black "Ghijsen, Pim"]
[Result "1/2-1/2"]
[WhiteElo "2093"]
[BlackElo "2154"]
[PlyCount "64"]
[EventDate "2014.04.26"]
[EventType "swiss"]
[EventRounds "9"]
[EventCountry "GER"]
[SourceTitle "EXT 2018"]
[Source "ChessBase"]
[SourceDate "2017.10.13"]
[SourceVersion "1"]
[SourceVersionDate "2017.10.13"]
[SourceQuality "1"]

1. d4 d5 2. e4 dxe4 3. Nc3 Nf6 4. f3 exf3 5. Nxf3 Bg4 6. h3 Bxf3 7. Qxf3 c6 8. Be3 e6 9. Bd3 Nbd7 10. 0-0 Be7 11. Rf2 0-0 12. Raf1 Qa5 13. Bd2 Qh5 14. g4 Qh4 15. Rg2 Nd5 16. Ne2 b5 17. c3 Bg5 18. Be1 Qh6 19. h4 Be3+ 20. Kh1 Qf6 21. g5 Qxf3 22. Rxf3 e5 23. Bf5 Rad8 24. Bxd7 Rxd7 25. dxe5 Re8 26. Bg3 Bb6 27. Rd3 Red8 28. Ng1 Bxg1 29. Kxg1 Nc7 30. Rd6 Rxd6 31. exd6 Ne6 32. Kf2 Kf8 1/2-1/2

[Event "EU-chT Seniors 15th"]
[Site "Dresden"]
[Date "2013.07.27"]
[Round "8"]
[White "Ghijsen, Pim"]
[Black "Jeske, Eckhard"]
[Result "1/2-1/2"]
[WhiteElo "2187"]
[BlackElo "2231"]
[PlyCount "120"]
[EventDate "2013.07.20"]
[EventType "team-swiss"]
[EventRounds "9"]
[EventCountry "GER"]
[SourceTitle "CBM 155 Extra"]
[Source "ChessBase"]
[SourceDate "2013.08.26"]
[SourceVersion "1"]
[SourceVersionDate "2013.08.26"]
[SourceQuality "1"]
[WhiteTeam "VAS"]
[BlackTeam "Germany II"]
[WhiteTeamCountry "NED"]
[BlackTeamCountry "GER"]

1. d4 Nf6 2. Nf3 d5 3. c4 c6 4. e3 g6 5. Nc3 Bg7 6. Bd3 0-0 7. h3 dxc4 8. Bxc4 Bf5 9. 0-0 Nbd7 10. Qe2 Be4 11. Nxe4 Nxe4 12. Bd3 Ndf6 13. Qc2 Qd5 14. Nd2 Nxd2 15. Bxd2 e5 16. Bc4 Qd6 17. dxe5 Qxe5 18. Bc3 Qe7 19. Rfd1 Rad8 20. Rxd8 Rxd8 21. Rd1 Rxd1+ 22. Qxd1 Ne8 23. Bxg7 Nxg7 24. Qd4 b6 25. e4 Ne8 26. e5 Nc7 27. Qd6 Kf8 28. Qxc6 Qxe5 29. g3 Qe7 30. Qf3 Ne8 31. Qc3 Kg8 32. Qd4 Nd6 33. Bd3 f6 34. Qc3 Kg7 35. h4 Nf7 36. Bf1 Ne5 37. Bg2 Qd7 38. Qc2 Qe7 39. a3 Ng4 40. Qd2 Qc7 41. Bf3 Ne5 42. Be2 Qe7 43. Kg2 Qb7+ 44. Kg1 Qf3 45. Qd1 Qe4 46. Kh2 Qc6 47. Kg1 Kf7 48. Qd2 Qe4 49. Qd1 Ke7 50. Qd2 Ke6 51. Qd1 Ke7 52. Qd2 Nc6 53. Bf1 Nd4 54. Bg2 Qe5 55. Qh6 Qe1+ 56. Bf1 Nf3+ 57. Kg2 Qe4 58. Qxh7+ Kd6 59. Qxa7 Ne1+ 60. Kg1 Qf3 1/2-1/2

[Event "EU-chT Seniors 15th"]
[Site "Dresden"]
[Date "2013.07.22"]
[Round "3"]
[White "Ghijsen, Pim"]
[Black "Taksrud, Vidar"]
[Result "0-1"]
[WhiteElo "2187"]
[BlackElo "2050"]
[PlyCount "140"]
[EventDate "2013.07.20"]
[EventType "team-swiss"]
[EventRounds "9"]
[EventCountry "GER"]
[SourceTitle "CBM 155 Extra"]
[Source "ChessBase"]
[SourceDate "2013.08.26"]
[SourceVersion "1"]
[SourceVersionDate "2013.08.26"]
[SourceQuality "1"]
[WhiteTeam "VAS"]
[BlackTeam "Norway II"]
[WhiteTeamCountry "NED"]
[BlackTeamCountry "NOR"]

1. d4 Nf6 2. Nf3 e6 3. Bf4 c5 4. e3 Nc6 5. Nbd2 b6 6. h3 Bb7 7. Bd3 Be7 8. c3 0-0 9. Qe2 d5 10. 0-0-0 c4 11. Bc2 b5 12. e4 b4 13. e5 bxc3 14. exf6 cxd2+ 15. Bxd2 Bxf6 16. Bc3 Qc7 17. g3 a5 18. h4 Rfb8 19. Qe3 Nb4 20. Bb1 Ba6 21. Ne1 a4 22. a3 Nd3+ 23. Nxd3 cxd3 24. Bxd3 Bxd3 25. Qxd3 Be7 26. Kd2 Rb3 27. Rc1 e5 28. Qe2 exd4 29. Bxd4 Qa5+ 30. Kd1 Bf8 31. Rc2 Rd8 32. Re1 Qa8 33. Kc1 Qb7 34. Rd1 h6 35. Rd3 Rb5 36. Rdc3 Ra5 37. Rc7 Qa6 38. Qxa6 Rxa6 39. Rc8 Ra8 40. Rxd8 Rxd8 41. Rc7 Bd6 42. Rc6 f6 43. f4 Rd7 44. Kd2 g5 45. Bxf6 gxf4 46. g4 Kf7 47. g5 Ke6 48. Ra6 Kf5 49. Rxa4 hxg5 50. hxg5 Rh7 51. Rd4 Rh2+ 52. Ke1 Ke6 53. Rd3 Be5 54. b4 Rb2 55. Kf1 Rc2 56. a4 Rc4 57. Rb3 Bd6 58. Bc3 Kf5 59. a5 Kxg5 60. b5 Ra4 61. b6 d4 62. Be1 Ra1 63. Ke2 Kg4 64. Bb4 Bxb4 65. Rxb4 f3+ 66. Kf2 Ra2+ 67. Kf1 Ra1+ 68. Kf2 Ra2+ 69. Kf1 Kg3 70. Rb1 Rh2 0-1

[Event "Hessen-ch Seniors op 09th"]
[Site "Bad Sooden-Allendorf"]
[Date "2013.04.25"]
[Round "6"]
[White "Thieme, Hans"]
[Black "Ghijsen, Pim"]
[Result "1/2-1/2"]
[WhiteElo "2083"]
[BlackElo "2189"]
[PlyCount "39"]
[EventDate "2013.04.20"]
[EventType "swiss"]
[EventRounds "9"]
[EventCountry "GER"]
[SourceTitle "EXT 2019"]
[Source "ChessBase"]
[SourceDate "2018.10.10"]
[SourceVersion "1"]
[SourceVersionDate "2018.10.10"]
[SourceQuality "1"]

1. e4 c5 2. Nf3 a6 3. c3 d5 4. exd5 Qxd5 5. Na3 Nf6 6. Nc4 Nbd7 7. a4 e6 8. a5 Be7 9. d3 0-0 10. Bf4 Nh5 11. Bc7 Qc6 12. Bb6 Nhf6 13. Be2 Nd5 14. Nfe5 Nxe5 15. Nxe5 Qb5 16. Nc4 Bd8 17. Bxd8 Rxd8 18. 0-0 Rb8 19. Re1 Qd7 20. Qc2 1/2-1/2

[Event "Hessen-ch Seniors op 08th"]
[Site "Bad Sooden-Allendorf"]
[Date "2012.04.21"]
[Round "8"]
[White "Ghijsen, Pim"]
[Black "Peleikis, Horst"]
[Result "1/2-1/2"]
[WhiteElo "2194"]
[BlackElo "2081"]
[PlyCount "97"]
[EventDate "2012.04.14"]
[EventType "swiss"]
[EventRounds "9"]
[EventCountry "GER"]
[SourceTitle "EXT 2019"]
[Source "ChessBase"]
[SourceDate "2018.10.10"]
[SourceVersion "1"]
[SourceVersionDate "2018.10.10"]
[SourceQuality "1"]

1. d4 Nf6 2. Nf3 d6 3. Bf4 g6 4. h3 Bg7 5. e3 0-0 6. Bd3 Nbd7 7. 0-0 c5 8. c3 Qb6 9. Nbd2 cxd4 10. Nc4 Qc7 11. cxd4 b5 12. Ncd2 Qb6 13. a4 bxa4 14. Nc4 Qd8 15. Rxa4 Nb6 16. Nxb6 Qxb6 17. Qe2 Bb7 18. Rfa1 Rfb8 19. e4 Bc6 20. Ra6 Qb7 21. d5 Bd7 22. Be3 Qxb2 23. Qxb2 Rxb2 24. Rxa7 Rd8 25. Bd4 Rb4 26. Ra8 Rbb8 27. Rxb8 Rxb8 28. Ra7 Rd8 29. Bb6 Rb8 30. Bd4 Rd8 31. Rb7 Kf8 32. Nd2 Be8 33. Bb5 Bxb5 34. Rxb5 Nd7 35. Bxg7+ Kxg7 36. Rb7 Kf8 37. Kf1 Nc5 38. Ra7 Rd7 39. Rxd7 Nxd7 40. Nc4 f6 41. Ke2 Kf7 42. Ke3 g5 43. g3 Nf8 44. Na5 Ng6 45. Nc6 Kg8 46. Nd4 Kf7 47. Nc6 Ke8 48. Nd4 Kf7 49. Nc6 1/2-1/2

[Event "Hessen-ch Seniors op 08th"]
[Site "Bad Sooden-Allendorf"]
[Date "2012.04.19"]
[Round "6"]
[White "Ghijsen, Pim"]
[Black "Mentel, Juergen"]
[Result "1-0"]
[WhiteElo "2194"]
[BlackElo "2056"]
[PlyCount "75"]
[EventDate "2012.04.14"]
[EventType "swiss"]
[EventRounds "9"]
[EventCountry "GER"]
[SourceTitle "EXT 2019"]
[Source "ChessBase"]
[SourceDate "2018.10.10"]
[SourceVersion "1"]
[SourceVersionDate "2018.10.10"]
[SourceQuality "1"]

1. d4 d6 2. e4 Nf6 3. Nc3 c6 4. a4 a5 5. Nf3 Bg4 6. Be2 e6 7. Be3 d5 8. e5 Nfd7 9. 0-0 Be7 10. Ne1 Bxe2 11. Nxe2 c5 12. c3 Nc6 13. f4 cxd4 14. cxd4 0-0 15. Nc3 f5 16. Nb5 Ndb8 17. Rc1 Na6 18. Nd3 Qd7 19. Rf2 Rac8 20. Rfc2 g6 21. Bd2 Ra8 22. Qe1 Nab4 23. Bxb4 axb4 24. b3 Kf7 25. Nc5 Bxc5 26. Rxc5 Kg8 27. Nd6 Ra7 28. Nxb7 Rxb7 29. Rxc6 Re8 30. R1c5 Qf7 31. Qh4 Qe7 32. Qxe7 Rexe7 33. a5 Kf7 34. a6 Rb8 35. Rc7 Ra8 36. R5c6 Ra7 37. Rc8 Re8 38. Rxe8 1-0

[Event "Hessen-ch Seniors op 08th"]
[Site "Bad Sooden-Allendorf"]
[Date "2012.04.18"]
[Round "5"]
[White "Schumacher, Helmut"]
[Black "Ghijsen, Pim"]
[Result "1/2-1/2"]
[WhiteElo "2041"]
[BlackElo "2194"]
[PlyCount "35"]
[EventDate "2012.04.14"]
[EventType "swiss"]
[EventRounds "9"]
[EventCountry "GER"]
[SourceTitle "EXT 2019"]
[Source "ChessBase"]
[SourceDate "2018.10.10"]
[SourceVersion "1"]
[SourceVersionDate "2018.10.10"]
[SourceQuality "1"]

1. d4 d5 2. Nc3 Bf5 3. Bg5 c6 4. e3 Qb6 5. Rb1 Nd7 6. Bd3 Bxd3 7. cxd3 e6 8. Nf3 Be7 9. Bxe7 Nxe7 10. b4 0-0 11. 0-0 a6 12. a4 Rfc8 13. Qb3 Qc7 14. Rfc1 Qd6 15. a5 Ng6 16. Na4 Rab8 17. Nc5 Rd8 18. Qc3 1/2-1/2

[Event "Hessen-ch Seniors op 08th"]
[Site "Bad Sooden-Allendorf"]
[Date "2012.04.17"]
[Round "4"]
[White "Ghijsen, Pim"]
[Black "Preiss, Gerhard"]
[Result "1-0"]
[WhiteElo "2194"]
[BlackElo "1829"]
[PlyCount "75"]
[EventDate "2012.04.14"]
[EventType "swiss"]
[EventRounds "9"]
[EventCountry "GER"]
[SourceTitle "EXT 2019"]
[Source "ChessBase"]
[SourceDate "2018.10.10"]
[SourceVersion "1"]
[SourceVersionDate "2018.10.10"]
[SourceQuality "1"]

1. d4 Nf6 2. Nf3 d5 3. Bf4 e6 4. e3 Bd6 5. Bg3 0-0 6. Bd3 b6 7. Qe2 Bb7 8. Nbd2 Be7 9. Ne5 Nbd7 10. 0-0 c5 11. c3 Ne4 12. Bf4 Nxe5 13. Bxe4 dxe4 14. Bxe5 Bd6 15. Bxd6 Qxd6 16. Rfd1 a5 17. f3 f5 18. fxe4 fxe4 19. dxc5 Qxc5 20. Nb3 Qc7 21. Qg4 Rf6 22. Rf1 Raf8 23. Rxf6 Rxf6 24. Rd1 Bd5 25. Qg3 Qxg3 26. hxg3 Bc4 27. Nc1 a4 28. b3 axb3 29. axb3 Ba6 30. c4 e5 31. Na2 Rf8 32. Rd6 Ra8 33. Nb4 Bc8 34. Rxb6 Kf7 35. Nc6 Kf6 36. Na7+ Be6 37. Nb5 Ke7 38. Rxe6+ 1-0

[Event "Hessen-ch Seniors op 08th"]
[Site "Bad Sooden-Allendorf"]
[Date "2012.04.16"]
[Round "3"]
[White "Geisler, Reinhard"]
[Black "Ghijsen, Pim"]
[Result "1-0"]
[WhiteElo "1899"]
[BlackElo "2194"]
[PlyCount "67"]
[EventDate "2012.04.14"]
[EventType "swiss"]
[EventRounds "9"]
[EventCountry "GER"]
[SourceTitle "EXT 2019"]
[Source "ChessBase"]
[SourceDate "2018.10.10"]
[SourceVersion "1"]
[SourceVersionDate "2018.10.10"]
[SourceQuality "1"]

1. d4 d5 2. c4 c6 3. Nf3 Nf6 4. Qc2 a6 5. g3 b5 6. b3 e6 7. Bg2 Be7 8. Nbd2 Bb7 9. 0-0 Nbd7 10. e4 dxe4 11. Nxe4 Nxe4 12. Qxe4 0-0 13. h4 Nf6 14. Qe2 Qb6 15. Bb2 Rfe8 16. Rac1 Rac8 17. Rfd1 Qa5 18. Ba1 Qb6 19. Ne5 c5 20. Bxb7 Qxb7 21. dxc5 Bxc5 22. Bd4 Ba3 23. Rc2 Red8 24. cxb5 axb5 25. Rxc8 Rxc8 26. Ng4 Nxg4 27. Qxg4 Bf8 28. h5 h6 29. Be3 Kh7 30. Qd4 Qf3 31. a4 bxa4 32. bxa4 Qxh5 33. Ra1 Ra8 34. Qe4+ 1-0

[Event "EU-chT Seniors"]
[Site "Rogaska Slatina"]
[Date "2012.04.04"]
[Round "9.8"]
[White "Wahlbom, Magnus"]
[Black "Ghijsen, Pim"]
[Result "1/2-1/2"]
[WhiteElo "2291"]
[BlackElo "2191"]
[PlyCount "30"]
[EventDate "2012.03.27"]
[EventType "team-swiss"]
[EventRounds "9"]
[EventCountry "SLO"]
[SourceTitle "CBM 147 Extra"]
[Source "ChessBase"]
[SourceDate "2012.04.24"]
[SourceVersion "1"]
[SourceVersionDate "2012.04.24"]
[SourceQuality "1"]
[WhiteTeam "Sweden (Seniors)"]
[BlackTeam "Vas (Seniors)"]
[WhiteTeamCountry "SWE"]
[BlackTeamCountry "NED"]

1. e4 c5 2. Nf3 a6 3. c4 Nc6 4. d4 cxd4 5. Nxd4 Nf6 6. Nc3 e5 7. Nb3 Bb4 8. Bd3 0-0 9. 0-0 Na5 10. Be3 Nxb3 11. Qxb3 Bxc3 12. Qxc3 Re8 13. Rfd1 d6 14. Bc2 Qc7 15. f3 Be6 1/2-1/2